[Event "ICS rated blitz match"]
[Site "204.178.125.65"]
[Date "1999.12.19"]
[Round "?"]
[White "frax"]
[Black "Hossa"]
[Result "1/2-1/2"]
[WhiteElo "2117"]
[BlackElo "2418"]
[PlyCount "120"]

1. d4 Nf6 2. c4 e6 3. Nc3 Bb4 4. e3 O-O 5. Bd3 c5 6. Nf3 d5 7. O-O Nc6 8. dxc5
Bxc5 9. a3 dxc4 10. Bxc4 e5 11. b4 Bb6 12. b5 e4 13. Ng5 Ne5 14. Be2 Qxd1 15.
Rxd1 Bf5 16. Bb2 Rfe8 17. Nd5 Bd8 18. Rac1 h6 19. Nh3 Bxh3 20. gxh3 Nxd5 21.
Rxd5 Bf6 22. Bd4 Re7 23. Kg2 Nd7 24. a4 Bxd4 25. Rxd4 Nf6 26. Bg4 Rb8 27. Kg3
g6 28. h4 a6 29. bxa6 bxa6 30. Rc6 Nxg4 31. Kxg4 a5 32. h5 Rb2 33. hxg6 Rxf2
34. gxf7+ Kg7 35. h3 Rfxf7 36. Rd5 Rf3 37. Rc3 Kf6 38. h4 Re5 39. Rc6+ Re6 40.
Rxe6+ Kxe6 41. Rxa5 Rxe3 42. Rh5 Ra3 43. Rxh6+ Kd5 44. a5 Ke5 45. a6 Ra2 46. h5
Rg2+ 47. Kh3 Rg1 48. a7 Ra1 49. Rh7 e3 50. Re7+ Kf6 51. Rxe3 Rxa7 52. Rf3+ Kg5
53. Rg3+ Kxh5 54. Rb3 Rc7 55. Kg3 Rd7 56. Kf4 Re7 57. Kf5 Rf7+ 58. Ke6 Rg7 59.
Kf5 Rf7+ 60. Ke6 Rg7 1/2-1/2

[Event "ICS rated blitz match"]
[Site "204.178.125.65"]
[Date "1999.12.19"]
[Round "?"]
[White "Hossa"]
[Black "GaryG"]
[Result "0-1"]
[WhiteElo "2407"]
[BlackElo "2700"]
[PlyCount "168"]

1. d4 Nf6 2. c4 g6 3. Nc3 Bg7 4. e4 d6 5. f3 c5 6. dxc5 dxc5 7. Qxd8+ Kxd8 8.
Be3 Nfd7 9. Nge2 Nc6 10. O-O-O b6 11. Nb5 Bb7 12. Bg5 h6 13. Bh4 g5 14. Bg3 a6
15. Nc7 Rc8 16. Nd5 Nd4 17. Bf2 e6 18. Ne3 b5 19. cxb5 axb5 20. Nc2 e5 21. Nc3
b4 22. Nb5 Bf8 23. Kb1 Rh7 24. Ne3 Ra8 25. Nf5 b3 26. a3 Nxf5 27. exf5 e4 28.
Be2 exf3 29. gxf3 f6 30. Rd3 Re7 31. Re1 Bc6 32. Rxb3 Ra4 33. Bg3 Bd5 34. Rc3
Bf7 35. Bc7+ Kc8 36. Bd6 Re8 37. b4 Kb7 38. Bxf8 Rxf8 39. Nd6+ Kb8 40. bxc5 Ne5
41. Kc2 Bd5 42. Rd1 Bc6 43. Rb1+ Kc7 44. Rb4 Rb8 45. Rcb3 Raxb4 46. Rxb4 Ra8
47. Kb3 Bd5+ 48. Kb2 Kc6 49. Rb5 Bxf3 50. Bxf3+ Nxf3 51. Rb4 Nxh2 52. Ne4 Ng4
53. Rd4 Kc7 54. Ka2 Rb8 55. Nc3 Ne3 56. Rd6 h5 57. Rxf6 h4 58. a4 Rc8 59. Ne4
g4 60. Nd6 Rh8 61. Re6 Nd5 62. Nb5+ Kc8 63. Re5 Nc7 64. Re7 Nxb5 65. axb5 h3
66. Ra7 Kb8 67. Ra6 h2 68. Rb6+ Kc8 69. Rc6+ Kd7 70. Rd6+ Ke7 71. f6+ Kf7 72.
Rd7+ Kxf6 73. Rd1 g3 74. Rf1+ Kg7 75. Rf3 Rh3 76. Rd3 h1=Q 77. Rd7+ Kf6 78.
Rd6+ Ke5 79. Rd2 Qe4 80. Rg2 Qxg2+ 81. Ka3 Rh4 82. Kb3 Qf3+ 83. Kb2 Rh2+ 84.
Ka1 Qd1# 0-1

[Event "ICS rated blitz match"]
[Site "204.178.125.65"]
[Date "1999.12.19"]
[Round "?"]
[White "Hossa"]
[Black "Rabbit-Basher"]
[Result "1-0"]
[WhiteElo "2408"]
[BlackElo "2132"]
[PlyCount "59"]

1. d4 Nf6 2. c4 c5 3. d5 e6 4. Nc3 exd5 5. cxd5 d6 6. e4 g6 7. f4 Bg7 8. Bb5+
Nfd7 9. a4 O-O 10. Nf3 a6 11. Bd3 Nf6 12. O-O Bg4 13. Qb3 Bxf3 14. Rxf3 Qc7 15.
e5 dxe5 16. fxe5 Qxe5 17. Qxb7 Nbd7 18. Bf4 Qd4+ 19. Kh1 Ne5 20. Bxe5 Qxe5 21.
Bxa6 Rad8 22. Raf1 Ng4 23. Rg3 f5 24. Bb5 h5 25. Rh3 Qd4 26. Rhf3 Be5 27. h3
Ne3 28. Re1 f4 29. Qe7 Rd6 30. Rexe3 1-0

[Event "ICS rated blitz match"]
[Site "204.178.125.65"]
[Date "1999.12.19"]
[Round "?"]
[White "Rabbit-Basher"]
[Black "Hossa"]
[Result "0-1"]
[WhiteElo "2127"]
[BlackElo "2413"]
[PlyCount "64"]

1. e4 e5 2. f4 d5 3. exd5 c6 4. Nc3 exf4 5. Qf3 Qh4+ 6. g3 fxg3 7. hxg3 Qe7+ 8.
Nge2 Nf6 9. Bg2 Bg4 10. Qf2 cxd5 11. d4 Nc6 12. Bg5 O-O-O 13. O-O-O Rd6 14.
Rhe1 Qd7 15. Rd2 Be7 16. Nf4 Ng8 17. Bxe7 Ngxe7 18. Nd3 Rf6 19. Qg1 Be6 20. Nc5
Qd6 21. Nxe6 fxe6 22. Bh3 Nf5 23. g4 Nfxd4 24. Rxd4 Nxd4 25. Qxd4 Qg3 26. Qe5
Qxe5 27. Rxe5 Rf3 28. Rh5 Kd7 29. g5 Ke7 30. Nb5 Rg3 31. a4 g6 32. Rh6 Rxg5 0-1

[Event "ICS rated blitz match"]
[Site "204.178.125.65"]
[Date "1999.12.19"]
[Round "?"]
[White "osuruk"]
[Black "Hossa"]
[Result "0-1"]
[WhiteElo "2272"]
[BlackElo "2428"]
[PlyCount "112"]

1. d3 e5 2. g3 d5 3. Bg2 Nf6 4. Nf3 Nc6 5. O-O Bf5 6. Nbd2 Bc5 7. e3 O-O 8. d4
exd4 9. Nb3 Qe7 10. exd4 Bd6 11. Re1 Be6 12. Ng5 Rae8 13. Nxe6 fxe6 14. Bg5 Qf7
15. f4 h6 16. Bxf6 Qxf6 17. c3 Qf5 18. Qe2 Nd8 19. Rad1 h5 20. Rd3 h4 21. Re3
hxg3 22. hxg3 Rf6 23. Nc5 Rh6 24. b4 Bxc5 25. bxc5 Qh7 26. Bxd5 c6 27. Bg2 Re7
28. Be4 Qh8 29. Qg4 b6 30. Qg5 Rd7 31. cxb6 axb6 32. Bg2 Rh5 33. Qg6 Rf7 34.
Re5 Rh6 35. Qc2 Re7 36. a3 Ra7 37. Qb3 b5 38. f5 Kf8 39. fxe6 Re7 40. Rf1+ Ke8
41. Ref5 Rexe6 42. Rf8+ Qxf8 43. Rxf8+ Kxf8 44. d5 Re5 45. d6 Rxd6 46. Qc2 Re1+
47. Kf2 Ra1 48. Qf5+ Rf6 49. Qxf6+ gxf6 50. Kf3 Rxa3 51. Kf4 Rxc3 52. Be4 Ne6+
53. Kf5 Kf7 54. Bxc6 Rxc6 55. g4 Rc4 56. g5 Ng7# 0-1

[Event "ICS rated blitz match"]
[Site "204.178.125.65"]
[Date "1999.12.19"]
[Round "?"]
[White "Hossa"]
[Black "osuruk"]
[Result "1-0"]
[WhiteElo "2437"]
[BlackElo "2263"]
[PlyCount "115"]

1. d4 d6 2. c4 b6 3. e4 e5 4. dxe5 dxe5 5. Qxd8+ Kxd8 6. Nf3 Nd7 7. Bd3 Bb4+ 8.
Bd2 Bxd2+ 9. Nbxd2 Ngf6 10. Rd1 Bb7 11. O-O c5 12. Nh4 Nh5 13. Nf5 Nf4 14. Bb1
f6 15. Rfe1 Kc7 16. Nf3 g6 17. Nd6 Rhd8 18. Nb5+ Kb8 19. Kh1 h6 20. Nd6 Nf8 21.
Nf7 Rxd1 22. Rxd1 h5 23. Rd6 N4e6 24. Nh4 Bc8 25. h3 Kc7 26. b3 Bd7 27. Rd2 Nd4
28. Nh8 Be8 29. g3 Rd8 30. f4 g5 31. fxg5 fxg5 32. Nf5 Nxf5 33. Rxd8 Kxd8 34.
exf5 Ke7 35. Kg2 Kf6 36. Kf3 Kg7 37. Ng6 Nxg6 38. fxg6 Bxg6 39. Bxg6 Kxg6 40.
Ke4 Kf6 41. g4 hxg4 42. hxg4 Ke6 43. a3 a6 44. Ke3 Kd6 45. Ke4 b5 46. Kf5 b4
47. a4 a5 48. Kxg5 Ke6 49. Kh6 e4 50. g5 e3 51. g6 e2 52. g7 e1=Q 53. g8=Q+ Kd6
54. Qd5+ Ke7 55. Qxc5+ Kf6 56. Qf8+ Ke5 57. Qe7+ Kd4 58. Qxe1 1-0

[Event "ICS rated bullet match"]
[Site "204.178.125.65"]
[Date "1999.12.19"]
[Round "?"]
[White "Hossa"]
[Black "Hamburg"]
[Result "1-0"]
[WhiteElo "2526"]
[BlackElo "2249"]
[PlyCount "127"]

1. d4 d5 2. c4 e6 3. Nc3 c5 4. e3 cxd4 5. exd4 Nf6 6. Nf3 Be7 7. cxd5 Nxd5 8.
Bb5+ Bd7 9. Bxd7+ Qxd7 10. Ne5 Qd8 11. Qa4+ Nd7 12. Nxd5 exd5 13. Qb5 Qc7 14.
Bd2 Rd8 15. Qxd5 Nxe5 16. Qxe5 Qxe5+ 17. dxe5 O-O 18. Rd1 Rfe8 19. Ke2 f6 20.
exf6 Bxf6+ 21. Be3 a6 22. Rxd8 Rxd8 23. b3 Kf7 24. Rd1 Rxd1 25. Kxd1 Ke6 26.
Kd2 Kd5 27. Kd3 b5 28. f4 g6 29. g4 Bg7 30. h4 Bf6 31. h5 gxh5 32. gxh5 Bg7 33.
f5 Bf6 34. Bf4 Bg7 35. h6 Bf6 36. Ke3 a5 37. Kf3 a4 38. bxa4 bxa4 39. Kg4 Ke4
40. Bg5 Ke5 41. a3 Bh8 42. Be7 Bf6 43. Bxf6+ Kxf6 44. Kf4 Kf7 45. Ke5 Ke7 46.
f6+ Kf7 47. Kf5 Kf8 48. Ke6 Ke8 49. Kd6 Kf7 50. Kc6 Kxf6 51. Kb5 Kg6 52. Kxa4
Kxh6 53. Kb4 Kg5 54. a4 h5 55. a5 h4 56. a6 h3 57. a7 Kg4 58. Kc5 Kg3 59. a8=Q
h2 60. Qh1 Kh3 61. Kd5 Kg3 62. Ke5 Kh3 63. Kf4 Kh4 64. Qxh2# 1-0

[Event "ICS rated blitz match"]
[Site "204.178.125.65"]
[Date "1999.12.19"]
[Round "?"]
[White "star"]
[Black "Hossa"]
[Result "1-0"]
[WhiteElo "2514"]
[BlackElo "2446"]
[PlyCount "119"]

1. e4 e5 2. Nf3 Nf6 3. d4 Nxe4 4. Bd3 d5 5. Nxe5 Nd7 6. O-O Nxe5 7. dxe5 c6 8.
Bxe4 dxe4 9. Qxd8+ Kxd8 10. Rd1+ Ke7 11. Be3 Bf5 12. Nd2 Ke6 13. f3 exf3 14.
Nxf3 Be7 15. Nd4+ Kxe5 16. Nxf5 Kxf5 17. Rd7 Bf6 18. Rf1+ Kg6 19. Rxb7 Rab8 20.
Rxb8 Rxb8 21. b3 Rd8 22. Rf4 a5 23. Rc4 Rd1+ 24. Kf2 Ra1 25. a4 Rd1 26. Rxc6
Rd5 27. g4 h6 28. Ra6 Kh7 29. Ra7 Kg6 30. c4 Rd3 31. Rxa5 Rxb3 32. h3 Bh4+ 33.
Ke2 Bg5 34. Bxg5 hxg5 35. c5 Rxh3 36. Ra6+ f6 37. c6 Kh6 38. Kd2 Rh2+ 39. Kc1
Rh3 40. Kc2 Rh2+ 41. Kc3 Rh3+ 42. Kb4 Rh1 43. Kc5 Rc1+ 44. Kb6 f5 45. c7 g6 46.
gxf5 Kg7 47. Ra5 Rxc7 48. Kxc7 g4 49. Rb5 Kf7 50. a5 g5 51. a6 g3 52. a7 g2 53.
Rb1 g1=R 54. Rxg1 Kf6 55. a8=Q Ke5 56. Re1+ Kd4 57. Qf3 g4 58. Re4+ Kc5 59.
Qf2+ Kd5 60. Qd4# 1-0

[Event "ICS rated bullet match"]
[Site "204.178.125.65"]
[Date "1999.12.19"]
[Round "?"]
[White "Hossa"]
[Black "hamsi"]
[Result "1-0"]
[WhiteElo "2540"]
[BlackElo "2133"]
[PlyCount "127"]

1. d4 Nf6 2. c4 g6 3. Nc3 Bg7 4. e4 O-O 5. f3 d6 6. Be3 c6 7. Qd2 a6 8. Bh6 b5
9. Bxg7 Kxg7 10. Bd3 e5 11. dxe5 dxe5 12. O-O-O Qe7 13. f4 Nbd7 14. Nf3 Bb7 15.
fxe5 Nxe5 16. Qf4 Nfd7 17. cxb5 axb5 18. Kb1 f6 19. Rhf1 Nc5 20. Bc2 b4 21. Ne2
Rad8 22. Nfd4 Ba6 23. Ka1 Ra8 24. Rd2 Bxe2 25. Rxe2 Ne6 26. Qf2 Rad8 27. Nxe6+
Qxe6 28. Kb1 Rd6 29. Qc5 Rfd8 30. Qxb4 c5 31. Qxc5 Rc8 32. Qe3 Nc4 33. Bb3 Nxe3
34. Bxe6 Nxf1 35. Bxc8 Nd2+ 36. Kc1 Nc4 37. Bb7 Ne5 38. Rd2 Rb6 39. Ba8 Ra6 40.
Bd5 g5 41. b4 g4 42. Kc2 Rb6 43. a3 h5 44. Kb3 Rb8 45. a4 h4 46. a5 Nd7 47. Rc2
Ne5 48. a6 Rh8 49. a7 Kg6 50. a8=R Rxa8 51. Bxa8 Kg5 52. b5 g3 53. hxg3 hxg3
54. Rc7 Kf4 55. b6 Ke3 56. b7 Nd3 57. b8=Q Nf2 58. Qb6+ Ke2 59. Qb5+ Nd3 60.
Rc2+ Ke3 61. Kc3 Nc5 62. Qxc5+ Kf4 63. Qf5+ Ke3 64. Qf3# 1-0

[Event "ICS rated bullet match"]
[Site "204.178.125.65"]
[Date "1999.12.19"]
[Round "?"]
[White "hamsi"]
[Black "Hossa"]
[Result "0-1"]
[WhiteElo "2130"]
[BlackElo "2543"]
[PlyCount "22"]

1. e4 e5 2. Nf3 Nf6 3. Nxe5 d6 4. Nxf7 Kxf7 5. d4 Qe7 6. Bd3 Bf5 7. Nc3 Qe6 8.
O-O Bg6 9. f4 Bxe4 10. Re1 d5 11. Nxd5 Qxd5 0-1

[Event "ICS rated bullet match"]
[Site "204.178.125.65"]
[Date "1999.12.19"]
[Round "?"]
[White "Hossa"]
[Black "hamsi"]
[Result "1-0"]
[WhiteElo "2546"]
[BlackElo "2123"]
[PlyCount "43"]

1. d4 d5 2. c4 c6 3. Nf3 e6 4. Nc3 Nf6 5. e3 Bd6 6. Bd3 Nbd7 7. e4 dxe4 8. Nxe4
Nxe4 9. Bxe4 Nf6 10. Bd3 b6 11. O-O Bb7 12. Re1 O-O 13. Bg5 Be7 14. Ne5 c5 15.
dxc5 bxc5 16. Qb3 Rb8 17. Rad1 Qc7 18. Bxf6 Bxf6 19. Nd7 Qxd7 20. Bxh7+ Kxh7
21. Rxd7 Bxg2 22. Qd3+ 1-0

[Event "ICS rated bullet match"]
[Site "204.178.125.65"]
[Date "1999.12.19"]
[Round "?"]
[White "hamsi"]
[Black "Hossa"]
[Result "1/2-1/2"]
[WhiteElo "2120"]
[BlackElo "2549"]
[PlyCount "92"]

1. e4 e5 2. Nf3 Nf6 3. Nc3 Bb4 4. Bc4 d6 5. O-O Bxc3 6. dxc3 Bg4 7. h3 Bxf3 8.
Qxf3 Nc6 9. Bg5 O-O 10. g4 Qe7 11. Rad1 Na5 12. Bd3 Qe6 13. Bxf6 gxf6 14. Qf5
Qxf5 15. gxf5 Kh8 16. Kg2 Rg8+ 17. Kf3 Rad8 18. c4 Nc6 19. c3 Rg5 20. Rg1 Rdg8
21. Rg3 h5 22. Rdg1 Kh7 23. h4 R5g7 24. b4 Rxg3+ 25. fxg3 Rg4 26. Rd1 Rg8 27.
Rg1 Rg4 28. Rd1 Rg8 29. a4 a5 30. b5 Nb8 31. c5 dxc5 32. Bc4 Rf8 33. Rd5 b6 34.
Ke3 Rg8 35. Kf2 Kg7 36. Be2 Kh6 37. Bd1 Rh8 38. Be2 Kg7 39. Bd1 Kh6 40. Be2 Rc8
41. Bd1 Rg8 42. Be2 Rh8 43. Bd1 Kg7 44. Be2 Kh6 45. Bd1 Kg7 46. Be2 Kh6 1/2-1/2

[Event "ICS rated blitz match"]
[Site "204.178.125.65"]
[Date "1999.12.19"]
[Round "?"]
[White "Hossa"]
[Black "Hulken"]
[Result "0-1"]
[WhiteElo "2460"]
[BlackElo "2512"]
[PlyCount "162"]

1. d4 e6 2. e4 d5 3. e5 c5 4. c3 Bd7 5. Nf3 Qb6 6. Bd3 Bb5 7. Bxb5+ Qxb5 8. Na3
Qb6 9. Nc2 Nc6 10. O-O cxd4 11. Ncxd4 Nxd4 12. cxd4 Ne7 13. b3 Nc6 14. Be3 Ba3
15. Bc1 Qa5 16. Bxa3 Qxa3 17. Qc2 Rc8 18. Qc1 Qxc1 19. Raxc1 f6 20. Rc5 Kd7 21.
exf6 gxf6 22. Rfc1 Rc7 23. a3 Rhc8 24. b4 Kd6 25. Kf1 a6 26. b5 axb5 27. Rxb5
Ra8 28. Rcb1 Ra7 29. Rb6 e5 30. R1b3 e4 31. Nd2 Ra4 32. Nb1 Rxd4 33. Nc3 Ke5
34. Rxb7 Rxb7 35. Rxb7 Rc4 36. Nd1 d4 37. Rxh7 f5 38. Rb7 f4 39. h4 e3 40. Ke1
Rc1 41. Rb6 Ke4 42. f3+ Kd5 43. Rb3 Ne5 44. Rb5+ Kd6 45. Rb6+ Kc5 46. Re6 Kd5
47. Re8 d3 48. h5 e2 49. Rd8+ Ke6 50. Rxd3 Nxd3+ 51. Kxe2 Nb2 52. Nxb2 Rc2+ 53.
Kd3 Rxb2 54. Ke4 Rxg2 55. Kxf4 Kf6 56. a4 Ra2 57. a5 Rxa5 58. Kg4 Ra4+ 59. f4
Ra1 60. h6 Rg1+ 61. Kf3 Rh1 62. h7 Rxh7 63. Ke3 Rh3+ 64. Ke4 Rh4 65. Ke3 Kf5
66. Kd4 Rxf4+ 67. Ke3 Re4+ 68. Kd3 Kf4 69. Kd2 Ke5 70. Kd3 Kd5 71. Kc3 Rd4 72.
Kb3 Rc4 73. Ka3 Kd4 74. Kb2 Kd3 75. Kb3 Rd4 76. Kb2 Rb4+ 77. Ka3 Kc3 78. Ka2
Rb3 79. Ka1 Kc2 80. Ka2 Rc3 81. Ka1 Ra3# 0-1

[Event "ICS rated blitz match"]
[Site "204.178.125.65"]
[Date "1999.12.19"]
[Round "?"]
[White "Hossa"]
[Black "PostModernist"]
[Result "1-0"]
[WhiteElo "2446"]
[BlackElo "2458"]
[PlyCount "85"]

1. d4 Nf6 2. c4 e6 3. Nf3 Bb4+ 4. Nbd2 b6 5. a3 Bxd2+ 6. Bxd2 Bb7 7. Bg5 d6 8.
e3 Nbd7 9. Be2 h6 10. Bh4 Qe7 11. O-O O-O 12. Bd3 c5 13. Re1 Rfe8 14. Nd2 Rad8
15. Qa4 a5 16. b4 Ra8 17. bxc5 dxc5 18. Qb5 cxd4 19. exd4 Qd6 20. Qb2 Nh5 21.
Ne4 Qc7 22. Rab1 f5 23. Nc5 Nxc5 24. dxc5 Bxg2 25. Qxb6 Qc6 26. Qxc6 Bxc6 27.
Rb6 Rac8 28. Bg3 Nxg3 29. hxg3 Red8 30. Rxe6 Rxd3 31. Rbxc6 Rxc6 32. Rxc6 Rxa3
33. Rd6 Ra1+ 34. Kg2 Re1 35. c6 Re4 36. c7 Rxc4 37. Rd8+ Kf7 38. c8=Q Rxc8 39.
Rxc8 g5 40. Ra8 a4 41. Rxa4 h5 42. Kh3 Ke6 43. f4 1-0

[Event "ICS rated blitz match"]
[Site "204.178.125.65"]
[Date "1999.12.19"]
[Round "?"]
[White "PostModernist"]
[Black "Hossa"]
[Result "1/2-1/2"]
[WhiteElo "2441"]
[BlackElo "2463"]
[PlyCount "168"]

1. d4 Nf6 2. c4 e6 3. Nf3 d5 4. Nc3 Be7 5. Bg5 O-O 6. e3 Nbd7 7. Rc1 h6 8. Bh4
Re8 9. Bd3 c5 10. cxd5 exd5 11. dxc5 Nxc5 12. O-O Nxd3 13. Qxd3 Be6 14. Nb5 Ne4
15. Bxe7 Rxe7 16. Nfd4 a6 17. Nc3 Nxc3 18. Qxc3 Bg4 19. f3 Bd7 20. Qb3 Be6 21.
Qc2 Qe8 22. Qd3 Bd7 23. Rfe1 Rc8 24. Rxc8 Qxc8 25. g4 Re5 26. b3 h5 27. f4 Re8
28. gxh5 Bh3 29. Qe2 Kh8 30. Kh1 Qc3 31. Qf2 Bg4 32. f5 Bxh5 33. f6 g6 34. h3
Kg8 35. Kh2 b5 36. Kg1 Re4 37. Kh1 b4 38. Kg2 a5 39. Kg1 Qc8 40. Kh2 Qc7+ 41.
Qg3 Qd8 42. Qg5 Qd6+ 43. Kh1 Qe5 44. Qxe5 Rxe5 45. Kg2 Kh7 46. Kf2 g5 47. Rc1
Re4 48. Rc5 Rh4 49. Rxd5 Kg6 50. Kg2 Re4 51. Nc2 Kxf6 52. Rxa5 Bd1 53. Nd4 Rxe3
54. Ra6+ Ke5 55. Nc6+ Kd5 56. Nxb4+ Kc5 57. Ra4 f5 58. Na6+ Kb6 59. Nb4 Kc5 60.
Kh2 f4 61. Na6+ Kb5 62. Nc7+ Kc6 63. Rc4+ Kb7 64. Nd5 Re2+ 65. Kg1 Rxa2 66. Nc3
Ra1 67. Rb4+ Ka6 68. Kf2 Rc1 69. Ne4 g4 70. hxg4 Bxg4 71. Nd2 Rd1 72. Nf3 Rd3
73. Rxf4 Bxf3 74. Rxf3 Rxf3+ 75. Kxf3 Kb7 76. b4 Kc7 77. Kf4 Kd6 78. b5 Ke6 79.
Ke4 Kd6 80. b6 Kc6 81. Kd4 Kb7 82. Kd5 Kb8 83. b7 Kc7 84. b8=Q+ Kxb8 1/2-1/2

[Event "ICS Rated standard match"]
[Site "204.178.125.65"]
[Date "1999.12.19"]
[Round "?"]
[White "Hossa"]
[Black "star"]
[Result "1-0"]
[WhiteElo "2261"]
[BlackElo "2424"]
[PlyCount "138"]

1. d4 d5 2. c4 e6 3. Nc3 Nf6 4. Bg5 Be7 5. e3 c6 6. Bd3 Qb6 7. Qe2 dxc4 8. Bxc4
c5 9. Nf3 cxd4 10. exd4 O-O 11. O-O Nc6 12. Rfd1 h6 13. Be3 Qc7 14. Rac1 Rd8
15. d5 exd5 16. Bxd5 Qa5 17. Bxc6 bxc6 18. Rxd8+ Bxd8 19. Qc4 Be6 20. Qxc6 Rc8
21. Qd6 Nd5 22. Nxd5 Rxc1+ 23. Bxc1 Qxd5 24. Qxd5 Bxd5 25. a3 Bxf3 26. gxf3 a6
27. b4 Kf8 28. a4 Ke7 29. Be3 Kd7 30. b5 axb5 31. axb5 Kc8 32. Kf1 Bc7 33. f4
Kb7 34. Ke2 g6 35. Kd3 Bd6 36. f3 Bc7 37. Bd2 Kb6 38. Kc4 h5 39. h3 Bd8 40. Bc3
Kb7 41. Kc5 Bc7 42. Bd2 h4 43. Be1 Bxf4 44. Bxh4 Be3+ 45. Kc4 Kc7 46. Bg3+ Kb6
47. Be5 Kb7 48. Kc3 Bb6 49. Bf4 Bf2 50. Kc4 Kb6 51. Be5 Kb7 52. Bd6 Kb6 53. Bf4
Kb7 54. Bg5 Kb6 55. Bd8+ Kb7 56. Kd5 Bg3 57. Kc5 Be5 58. Bg5 Bc7 59. Bc1 Bd8
60. Kd5 Kb6 61. Kc4 Bc7 62. Bg5 Kb7 63. Kc5 Bg3 64. Be3 Bc7 65. Kd5 Bd8 66. Kd6
Bh4 67. f4 Bf6 68. Kd7 Bc3 69. Ke7 f6 1-0

[Event "ICS rated standard match"]
[Site "204.178.125.65"]
[Date "1999.12.19"]
[Round "?"]
[White "star"]
[Black "Hossa"]
[Result "1-0"]
[WhiteElo "2401"]
[BlackElo "2284"]
[PlyCount "70"]

1. e4 e5 2. Nf3 Nf6 3. d4 Nxe4 4. Bd3 d5 5. Nxe5 Nd7 6. Nxd7 Bxd7 7. O-O Qh4 8.
c4 O-O-O 9. c5 g5 10. Nc3 Bg7 11. g3 Qh6 12. Nxe4 dxe4 13. Bxe4 Bh3 14. Re1
Bxd4 15. Qf3 c6 16. Bf5+ Kb8 17. Bxh3 Qxh3 18. Bxg5 Rd7 19. Rad1 Bxb2 20. Rxd7
Qxd7 21. Qb3 Bd4 22. Re7 Qc8 23. Bf4+ Ka8 24. Rc7 Qb8 25. Rxf7 Qc8 26. Rc7 Qb8
27. Rd7 Qc8 28. Rxd4 Qf5 29. Qa3 Qb1+ 30. Kg2 Qb5 31. Qd3 Qxd3 32. Rxd3 b6 33.
Be3 Rb8 34. Rd7 h5 35. Rh7 bxc5 1-0

[Event "ICS rated blitz match"]
[Site "204.178.125.65"]
[Date "1999.12.20"]
[Round "?"]
[White "Hossa"]
[Black "Skeletor"]
[Result "1/2-1/2"]
[WhiteElo "2462"]
[BlackElo "2683"]
[PlyCount "141"]

1. d4 Nf6 2. c4 e6 3. Nf3 b6 4. g3 Ba6 5. b3 Bb4+ 6. Bd2 Be7 7. Bg2 c6 8. O-O
d5 9. Ne5 O-O 10. cxd5 cxd5 11. Nc3 Nfd7 12. f4 Nxe5 13. fxe5 Nc6 14. Rf4 g5
15. Rf2 Nxd4 16. e4 dxe4 17. Bxe4 Rc8 18. Qh5 h6 19. Rd1 Kg7 20. Be3 Rxc3 21.
Bxd4 Rc1 22. Rxc1 Qxd4 23. Rc7 Qa1+ 24. Kg2 Qxe5 25. Rxe7 Qxe4+ 26. Kh3 Qg6 27.
Qxg6+ Kxg6 28. Rxa7 Bd3 29. Re7 Rd8 30. Kg2 Be4+ 31. Kf1 Bf5 32. Ke1 f6 33. Rc7
Be4 34. Rd2 Bd5 35. Rc6 Rb8 36. Rd6 Kf5 37. Kf2 h5 38. h3 Ke5 39. Rd7 Rc8 40.
Re2+ Be4 41. Rb7 Rc6 42. a4 Kd4 43. Rd7+ Ke5 44. Re7 Rc2 45. a5 bxa5 46. Ra7
Rxe2+ 47. Kxe2 Kd4 48. Rxa5 Kc3 49. g4 hxg4 50. hxg4 Kxb3 51. Ke3 Bg2 52. Ra6
Bd5 53. Ra7 f5 54. Rg7 f4+ 55. Kd4 Kc2 56. Rxg5 Kd2 57. Rh5 Bg2 58. Ra5 Bd5 59.
Rb5 Bf3 60. g5 Bh5 61. Rb2+ Ke1 62. Rh2 Bg6 63. Rh6 Bf5 64. g6 e5+ 65. Kd5 Bxg6
66. Rxg6 f3 67. Rg1+ Ke2 68. Ke4 f2 69. Rg2 Ke1 70. Rxf2 Kxf2 71. Kxe5 1/2-1/2

[Event "ICS rated blitz match"]
[Site "204.178.125.65"]
[Date "1999.12.20"]
[Round "?"]
[White "Skeletor"]
[Black "Hossa"]
[Result "1-0"]
[WhiteElo "2674"]
[BlackElo "2471"]
[PlyCount "145"]

1. d4 Nf6 2. c4 e6 3. Nf3 d5 4. Nc3 Be7 5. Bg5 O-O 6. e3 Nbd7 7. Rc1 h6 8. Bxf6
Nxf6 9. Bd3 b6 10. O-O dxc4 11. Bxc4 Bb7 12. Ne5 c5 13. Qe2 cxd4 14. Rfd1 Rc8
15. Nb5 Bd6 16. Rxd4 Bd5 17. Nd3 Bxc4 18. Rdxc4 Rxc4 19. Rxc4 Qd7 20. Nxd6 Qxd6
21. Nb4 Rd8 22. Rd4 Qc7 23. Rxd8+ Qxd8 24. Nc6 Qd7 25. Qc2 a5 26. g3 Qd6 27. f3
Nd7 28. Kf2 Nc5 29. Nd4 e5 30. Ne2 Qd3 31. Qc1 Qd5 32. Nc3 Nd3+ 33. Kg2 Qxf3+
34. Kxf3 Nxc1 35. Ke4 f6 36. Kd5 b5 37. Nxb5 Nxa2 38. Nd6 Nb4+ 39. Kc4 Nc2 40.
Kd3 Nb4+ 41. Kc4 Kh7 42. Kb5 Nc2 43. Nc4 Kg6 44. Kxa5 Kf5 45. b4 Ke4 46. b5 Kd5
47. Nb6+ Kd6 48. e4 Ne3 49. Ka6 Nc2 50. Nd5 f5 51. b6 Nd4 52. Ne3 Nb3 53. Nxf5+
Kc6 54. Nxg7 Nc5+ 55. Ka7 Nb7 56. Nf5 Nd8 57. Nxh6 Kc5 58. b7 Kd4 59. g4 Nc6+
60. Kb6 Nb8 61. g5 Kxe4 62. g6 Nd7+ 63. Ka7 Nf6 64. g7 Kf3 65. b8=Q Ke4 66.
Qb1+ Kd5 67. Qb7+ Kc4 68. Qc6+ Kd3 69. Qxf6 e4 70. g8=Q e3 71. Qb3+ Kd2 72. Qf3
e2 73. Qfc3# 1-0

[Event "ICS rated blitz match"]
[Site "204.178.125.65"]
[Date "1999.12.20"]
[Round "?"]
[White "Hossa"]
[Black "Comet"]
[Result "1-0"]
[WhiteElo "2463"]
[BlackElo "2247"]
[PlyCount "171"]

1. d4 Nf6 2. c4 e6 3. Nf3 b6 4. g3 Bb7 5. Bg2 Be7 6. O-O O-O 7. Nc3 Ne4 8. Qc2
Nxc3 9. Qxc3 c5 10. Rd1 d6 11. dxc5 bxc5 12. Bf4 Nc6 13. Rd2 f6 14. Rad1 e5 15.
Be3 Qc7 16. Qd3 Nd4 17. Ne1 f5 18. f3 Qa5 19. b3 Rab8 20. Nc2 a6 21. Ne1 Bc6
22. Kh1 Rbc8 23. Bg1 Rce8 24. e3 Ne6 25. Bf2 Ng5 26. Qe2 f4 27. gxf4 exf4 28.
e4 Rf6 29. Bh4 Rg6 30. Bxg5 Rxg5 31. Nd3 Rf8 32. Kg1 Bd7 33. Nf2 Be6 34. Qd3
Rf6 35. Qc2 Rh6 36. Qb1 Rh4 37. Qd3 Qb4 38. Qf1 Qa3 39. Rxd6 Bxd6 40. Rxd6 Kf7
41. Rd2 a5 42. Qd1 a4 43. Re2 axb3 44. axb3 Qa7 45. Rd2 Qe7 46. Rd8 Kg6 47. Qd3
Rxg2+ 48. Kxg2 Qg5+ 49. Ng4 Bxg4 50. fxg4 Rxg4+ 51. Kf3 Rh4 52. e5+ Kh6 53.
Qd6+ g6 54. e6 Rh3+ 55. Ke2 Rxh2+ 56. Kf3 Rh3+ 57. Kf2 Rh2+ 58. Kf3 Qh5+ 59.
Ke4 Re2+ 60. Kxf4 Qh4+ 61. Kf3 Qf2+ 62. Kg4 Re4+ 63. Qf4+ g5 64. Qxe4 Qg1+ 65.
Kf5 Qf2+ 66. Ke5 Qh2+ 67. Kf6 Qb2+ 68. Qe5 Qf2+ 69. Ke7 Kh5 70. Rh8 h6 71. Qg7
Kg4 72. Qxh6 Qe3 73. Qh5+ Kf4 74. Rf8+ Kg3 75. Rf3+ Qxf3 76. Qxf3+ Kxf3 77. Kd6
Kg3 78. Kxc5 g4 79. e7 Kf2 80. e8=Q g3 81. Qe5 g2 82. Qf4+ Ke2 83. Qe4+ Kf2 84.
Qxg2+ Kxg2 85. Kd5 Kf3 86. c5 1-0

[Event "ICS rated blitz match"]
[Site "204.178.125.65"]
[Date "1999.12.20"]
[Round "?"]
[White "Comet"]
[Black "Hossa"]
[Result "1-0"]
[WhiteElo "2240"]
[BlackElo "2470"]
[PlyCount "135"]

1. d4 Nf6 2. c4 e6 3. g3 d5 4. Bg2 c5 5. cxd5 exd5 6. Nc3 cxd4 7. Qxd4 Nc6 8.
Qa4 Bb4 9. Bd2 O-O 10. Nf3 Re8 11. a3 Bxc3 12. Bxc3 Ne4 13. Qb3 Nxc3 14. Qxc3
Bg4 15. h3 Bf5 16. Rd1 Rc8 17. Qd2 Be4 18. O-O Qe7 19. Rc1 Ne5 20. Qd4 Bxf3 21.
Rxc8 Rxc8 22. exf3 Rd8 23. Qxa7 Nc4 24. f4 Nxb2 25. Rb1 Nd3 26. Rxb7 Qe8 27.
Re7 Qf8 28. Bxd5 Rxd5 29. Rxf7 Qxf7 30. Qa8+ Qf8 31. Qxd5+ Kh8 32. Qxd3 h5 33.
a4 Qc8 34. h4 Qc1+ 35. Kh2 Qe1 36. Qe3 Qa5 37. Qe8+ Kh7 38. Qb5 Qd2 39. Qxh5+
Kg8 40. Qc5 Qe2 41. a5 Kh7 42. Qb6 Qe4 43. h5 Qe2 44. Qg6+ Kh8 45. Kg2 Qd2 46.
h6 gxh6 47. Qxh6+ Kg8 48. Qe6+ Kf8 49. a6 Qd8 50. Qh6+ Kg8 51. Qg5+ Qxg5 52.
fxg5 Kf7 53. Kf3 Ke6 54. Ke4 Kd6 55. a7 Kc5 56. a8=Q Kd6 57. Qd5+ Ke7 58. Qe5+
Kd8 59. f4 Kd7 60. f5 Kc6 61. Qd5+ Kb6 62. Qd6+ Kb5 63. f6 Kc4 64. Qc6+ Kb4 65.
f7 Kb3 66. f8=Q Kb2 67. Qb8+ Ka3 68. Qa6# 1-0

[Event "ICS rated blitz match"]
[Site "204.178.125.65"]
[Date "1999.12.20"]
[Round "?"]
[White "Hossa"]
[Black "Bringer"]
[Result "0-1"]
[WhiteElo "2445"]
[BlackElo "2404"]
[PlyCount "144"]

1. d4 d5 2. c4 c6 3. Nf3 Nf6 4. Nc3 e6 5. Bg5 h6 6. Bxf6 Qxf6 7. e3 Bd6 8. Bd3
Qe7 9. O-O Nd7 10. e4 dxc4 11. Bxc4 e5 12. Qd2 exd4 13. Nxd4 Ne5 14. Bb3 O-O
15. f4 Ng6 16. Rad1 Bg4 17. Nf5 Bc5+ 18. Kh1 Qf6 19. Rc1 Bxf5 20. exf5 Qxf5 21.
Bc2 Qf6 22. Qd7 Qe7 23. Qxe7 Nxe7 24. Rcd1 Rad8 25. Ne4 Bb6 26. Rde1 Nd5 27.
Rf3 Rfe8 28. f5 Ba5 29. Re2 Nb4 30. Bb3 Nxa2 31. Rfe3 Re5 32. g4 Nc1 33. Ng3
Rxe3 34. Rxe3 Bd2 35. Rf3 Nd3 36. f6 g6 37. Ba2 b6 38. b3 Ne5 39. Rf1 Nxg4 40.
Ne4 Rd4 41. Bb1 a5 42. h3 Ne3 43. Rg1 Bb4 44. Kh2 Bd6+ 45. Kh1 Be5 46. Rc1 Nd5
47. Nf2 Rd2 48. Rc2 Rxc2 49. Bxc2 Bxf6 50. Be4 Bc3 51. Nd3 Kg7 52. Bxd5 cxd5
53. Nf4 d4 54. Nd5 b5 55. Kh2 f5 56. h4 b4 57. Nf4 Kf6 58. Kg2 g5 59. hxg5+
hxg5 60. Nd5+ Ke6 61. Nc7+ Ke5 62. Nb5 d3 63. Kf2 d2 64. Ke2 f4 65. Kd1 f3 66.
Nc7 f2 67. Ke2 d1=Q+ 68. Kxf2 Bd4+ 69. Kg3 Kf5 70. Nb5 Qe1+ 71. Kg2 Qf2+ 72.
Kh3 g4# 0-1